000
00291nam a2200109Ia 4500
008
220204s9999 xx 000 0 und d
082
_a
330.34
_b
LEE
100
_a
LEE, Douglas H K
245
0
_a
Climate and economic development in the tropics
260
_a
New York
_b
Harper
_c
1957
942
_c
BK
999
_c
19618
_d
19618